|
|
|
|
| LEADER |
01565nam a22003854a 4500 |
| 001 |
35733 |
| 003 |
BD-DhAAL |
| 005 |
20211129152609.0 |
| 008 |
190919t2002 enka b 001 0 eng |
| 999 |
|
|
|c 41322
|d 41322
|
| 010 |
|
|
|a 2001048444
|
| 020 |
|
|
|a 0415253489
|
| 020 |
|
|
|a 9780415253482
|
| 040 |
|
|
|a DLC
|c DLC
|d DLC
|d BD-DhAAL
|
| 042 |
|
|
|a pcc
|
| 050 |
0 |
0 |
|a LB2822.8
|b .W67 2002
|
| 082 |
0 |
0 |
|a 379.158
|2 21
|
| 245 |
0 |
0 |
|a World class schools :
|b international perspectives on school effectiveness /
|c edited by David Reynolds ... [et al.] ; with Wynford Bellin.
|
| 260 |
|
|
|a London ;
|a New York :
|b RoutledgeFalmer,
|c 2002.
|
| 300 |
|
|
|a x, 310 pagrs :
|b illustrations ;
|c 24 cm.
|
| 504 |
|
|
|a Includes bibliographical references (p. [294]-301) and index.
|
| 526 |
|
|
|a BIED
|
| 541 |
|
|
|a Complimentary copy from BIED
|e 35733
|
| 650 |
|
0 |
|a Schools
|x Evaluation
|v Cross-cultural studies.
|9 34917
|
| 650 |
|
0 |
|a School improvement programs
|v Cross-cultural studies.
|9 34918
|
| 650 |
|
0 |
|a Educational change
|v Cross-cultural studies.
|9 34919
|
| 700 |
1 |
|
|a Reynolds, David,
|d 1949-
|9 34920
|
| 700 |
1 |
|
|a Charles Teddlie
|9 34921
|
| 700 |
1 |
|
|a Creemers, Bert
|9 34922
|
| 700 |
1 |
|
|a Stringfield, Sam
|9 34923
|
| 700 |
1 |
|
|a Schaffer, Gene
|9 34924
|
| 700 |
1 |
|
|a Bellin, Wynford
|9 34925
|
| 852 |
|
|
|a Ayesha Abed Library
|c BIED Collection
|
| 942 |
|
|
|2 ddc
|c BK
|
| 952 |
|
|
|0 0
|1 0
|2 ddc
|4 0
|6 379_158000000000000_WOR
|7 0
|9 66415
|a BRACUL
|b BRACUL
|c GEN
|d 2019-09-19
|e Complimentary copy from BIED
|l 0
|o 379.158 WOR
|p 3010035733
|r 2019-09-19
|t 1
|w 2019-09-19
|y BK
|x Transferred from BIED to General Stacks
|